Star fish : top 10 sustainable fish (Record no. 228436)

MARC details
000 -LEADER
fixed length control field 00284nam a2200097Ia 4500
082 ## - DEWEY DECIMAL CLASSIFICATION NUMBER
Classification number 641.692|JONES
008 - FIXED-LENGTH DATA ELEMENTS--GENERAL INFORMATION
fixed length control field 210817s9999 xx 000 0 und d
100 ## - MAIN ENTRY--PERSONAL NAME
Personal name Jones, Daisy, Cape Town, South Africa, 2014
9 (RLIN) 70451
245 #0 - TITLE STATEMENT
Title Star fish : top 10 sustainable fish
942 ## - ADDED ENTRY ELEMENTS
item type Books
Holdings
Withdrawn status Lost status Damaged status Not for loan Home library Current library Date acquired Cost, normal purchase price Total Checkouts Barcode Date last seen Price effective from item type
        Emthonjeni PL (MMID-PLEMA-EMTH) Emthonjeni PL (MMID-PLEMA-EMTH) 18.08.2021 400.00   33228021915218 18.08.2021 18.08.2021 Books